000 00524nam a2200217Ia 4500
003 LK-CoDNM
008 010623t1920 xxu||||| |||| 00| 1 eng d
040 _aLK-CoDNM
_dLK-CoDNM
_eLK-CoDNM
041 _aeng
080 _aT 4
245 _aThe Times of Ceylon,Christmas number,1920
260 _bTimes of Ceylon
_aColombo
_c1920
300 _b100p,ill,pl., 30 cm
650 _aElephant
650 _aFrance
650 _aFruits
650 _aMandapam Camp
650 _aRailway
650 _aVehicles
942 _cBK
999 _c90120
_d90120